<?xml version="1.0" encoding="UTF-8"?><?xml-stylesheet type="text/xsl" href="static/style.xsl"?><OAI-PMH xmlns="http://www.openarchives.org/OAI/2.0/" xmlns:xsi="http://www.w3.org/2001/XMLSchema-instance" xsi:schemaLocation="http://www.openarchives.org/OAI/2.0/ http://www.openarchives.org/OAI/2.0/OAI-PMH.xsd"><responseDate>2026-04-13T16:50:21Z</responseDate><request verb="GetRecord" identifier="oai:www.recercat.cat:10230/25581" metadataPrefix="marc">https://recercat.cat/oai/request</request><GetRecord><record><header><identifier>oai:recercat.cat:10230/25581</identifier><datestamp>2025-12-18T01:10:42Z</datestamp><setSpec>com_2072_6</setSpec><setSpec>col_2072_452952</setSpec></header><metadata><record xmlns="http://www.loc.gov/MARC21/slim" xmlns:dcterms="http://purl.org/dc/terms/" xmlns:xsi="http://www.w3.org/2001/XMLSchema-instance" xmlns:doc="http://www.lyncode.com/xoai" xsi:schemaLocation="http://www.loc.gov/MARC21/slim http://www.loc.gov/standards/marcxml/schema/MARC21slim.xsd">
   <leader>00925njm 22002777a 4500</leader>
   <datafield ind2=" " ind1=" " tag="042">
      <subfield code="a">dc</subfield>
   </datafield>
   <datafield ind2=" " ind1=" " tag="720">
      <subfield code="a">Naranjo, Silvia</subfield>
      <subfield code="e">author</subfield>
   </datafield>
   <datafield ind2=" " ind1=" " tag="720">
      <subfield code="a">Voesenek, Krysta</subfield>
      <subfield code="e">author</subfield>
   </datafield>
   <datafield ind2=" " ind1=" " tag="720">
      <subfield code="a">Calle Mustienes, Elisa de la</subfield>
      <subfield code="e">author</subfield>
   </datafield>
   <datafield ind2=" " ind1=" " tag="720">
      <subfield code="a">Robert Moreno, Alexandre</subfield>
      <subfield code="e">author</subfield>
   </datafield>
   <datafield ind2=" " ind1=" " tag="720">
      <subfield code="a">Kokotas, Haris</subfield>
      <subfield code="e">author</subfield>
   </datafield>
   <datafield ind2=" " ind1=" " tag="720">
      <subfield code="a">Grigoriadou, Maria</subfield>
      <subfield code="e">author</subfield>
   </datafield>
   <datafield ind2=" " ind1=" " tag="720">
      <subfield code="a">Economides, John</subfield>
      <subfield code="e">author</subfield>
   </datafield>
   <datafield ind2=" " ind1=" " tag="720">
      <subfield code="a">Van Camp, Guy</subfield>
      <subfield code="e">author</subfield>
   </datafield>
   <datafield ind2=" " ind1=" " tag="720">
      <subfield code="a">Hilgert, Nele</subfield>
      <subfield code="e">author</subfield>
   </datafield>
   <datafield ind2=" " ind1=" " tag="720">
      <subfield code="a">Moreno, Felipe</subfield>
      <subfield code="e">author</subfield>
   </datafield>
   <datafield ind2=" " ind1=" " tag="720">
      <subfield code="a">Alsina i Español, Berta</subfield>
      <subfield code="e">author</subfield>
   </datafield>
   <datafield ind2=" " ind1=" " tag="720">
      <subfield code="a">Petersen, Michael B.</subfield>
      <subfield code="e">author</subfield>
   </datafield>
   <datafield ind2=" " ind1=" " tag="720">
      <subfield code="a">Kremer, Hannie</subfield>
      <subfield code="e">author</subfield>
   </datafield>
   <datafield ind2=" " ind1=" " tag="720">
      <subfield code="a">Gómez Skarmeta, José Luis</subfield>
      <subfield code="e">author</subfield>
   </datafield>
   <datafield ind2=" " ind1=" " tag="260">
      <subfield code="c">2016-01-15T14:34:46Z</subfield>
   </datafield>
   <datafield ind2=" " ind1=" " tag="260">
      <subfield code="c">2016-01-15T14:34:46Z</subfield>
   </datafield>
   <datafield ind2=" " ind1=" " tag="260">
      <subfield code="c">2010</subfield>
   </datafield>
   <datafield ind2=" " ind1=" " tag="520">
      <subfield code="a">POU3F4 encodes a POU-domain transcription factor required for inner ear development. Defects in POU3F4 function are associated with X-linked deafness type 3 (DFN3). Multiple deletions affecting up to 900-kb upstream of POU3F4 are found in DFN3 patients, suggesting the presence of essential POU3F4 enhancers in this region. Recently, an inner ear enhancer was reported that is absent in most DFN3 patients with upstream deletions. However, two indications suggest that additional enhancers in the POU3F4 upstream region are required for POU3F4 function during inner ear development. First, there is at least one DFN3 deletion that does not eliminate the reported enhancer. Second, the expression pattern driven by this enhancer does not fully recapitulate Pou3f4 expression in the inner ear. Here, we screened a 1-Mb region upstream of the POU3F4 gene for additional cis-regulatory elements and searched for novel DFN3 mutations in the identified POU3F4 enhancers. We found several novel enhancers for otic vesicle expression. Some of these also drive expression in kidney, pancreas and brain, tissues that are known to express Pou3f4. In addition, we report a new and smallest deletion identified so far in a DFN3 family which eliminates 3.9 kb, comprising almost exclusively the previous reported inner ear enhancer. We suggest that multiple enhancers control the expression of Pou3f4 in the inner ear and these may contribute to the phenotype observed in DFN3 patients. In addition, the novel deletion demonstrates that the previous reported enhancer, although not sufficient, is essential for POU3F4 function during inner ear development.</subfield>
   </datafield>
   <datafield ind2=" " ind1=" " tag="520">
      <subfield code="a">This work was supported by grants from the Spanish Ministry of Education and Science (BFU2007-60042/BMC, Petri PET2007_0158, CSD2007-00008) and Junta de Andalucía (Proyecto de Excelencia CVI-3488) to JLG-S, and the Oticon Foundation (Denmark) to MBP. CABD is institutionally supported by CSIC, Universidad Pablo de Olavide and Junta de Andalucía.</subfield>
   </datafield>
   <datafield tag="653" ind2=" " ind1=" ">
      <subfield code="a">Oïda</subfield>
   </datafield>
   <datafield tag="653" ind2=" " ind1=" ">
      <subfield code="a">Proteïnes</subfield>
   </datafield>
   <datafield ind2="0" ind1="0" tag="245">
      <subfield code="a">Multiple enhancers located in a 1-Mb region upstream of POU3F4 promote expression during inner ear development and may be required for hearing</subfield>
   </datafield>
</record></metadata></record></GetRecord></OAI-PMH>